| 000 | 00617nam a22002417a 4500 | ||
|---|---|---|---|
| 003 | OSt | ||
| 005 | 20180116182958.0 | ||
| 008 | 140617b xxu||||| |||| 00| 0 eng d | ||
| 020 | _a9788126515899 | ||
| 022 | _a9788126515899 | ||
| 040 | _c0 | ||
| 050 | _a658.301 | ||
| 082 | _a658.301 | ||
| 100 | _aSchuler,Randall S. | ||
| 245 |
_aStrategic Human Resource Management. _cRandall S.Schuler |
||
| 250 | _a2nd. | ||
| 260 |
_aNew Delhi _bBlackwell Publishing. _c2012 |
||
| 300 | _a478p. | ||
| 500 | _aPaper Cover | ||
| 600 | _aSchuler,Randall S. | ||
| 700 | _aSchuler,Randall S. | ||
| 942 |
_2ddc _cBK _k658.301 |
||
| 999 |
_c349719 _d349719 |
||